Movies Quiz

Random Movies or James Bond Quiz
Score 0/15 Timer 05:00
0 Plays Today
% Correct
Xenia Onatopp
96%
Elektra King
95.5%
Tracy Bond
95.5%
Vesper Lynd
93.9%
May Day
92.4%
Jill Masterton
91.9%
Paris Carver
91.4%
Fiona Volpe
91.4%
% Correct
Miranda Frost
88.4%
Strawberry Fields
87.9%
Rosie Carver
87.4%
Tilly Masterton
86.4%
Sévérine
84.8%
Paula Caplan
83.3%
Aki
81.8%

You're not logged in!

Compare scores with friends on all Sporcle quizzes.
OR
Log In

Sporcle TV

Today on Sporcle TV


Watch our educational content, quiz creation guides, and fun videos on Sporcle TV.

Show Comments

Extras

Top Quizzes Today


Score Distribution

Paid Content

Your Account Isn't Verified!

In order to create a playlist on Sporcle, you need to verify the email address you used during registration. Go to your Sporcle Settings to finish the process.

Report this User

Report this user for behavior that violates our Community Guidelines.

Details: